00786nam a2200193 a 450000100060000000300090000600800410001502000180005604000280007408200160010210000200011824501550013825000120029326000480030530000770035350500840043065000360051470000420055025945CO-ViMGA141112s2004 ck r 000 u spa d a9789708170024 aCO-ViMGAbspacCO-ViMGA04a516.22 B15g1 aBaldor, Aurelio10aGeometría y trigonometría / cJ. A. Baldor ; texto revisado por los profesores de matemáticas, Marcelo Santaló Sors y Pablo E. Suardiaz Calvet a2a. ed. aMéxico : bGrupo Editorial Patria, c2008 a1 v. (varias paginaciones) : gráficos y diagramas ; 24 cm + 1 CD - ROM aContiene repasos algebraicos, tablas trigonométricas y ejercicios adicionales14aGeometría plana - Enseñanza1 aSantaló Sors, Marcelo, revisor rev.